| 000 | 00859nac a22002897a 4500 | ||
|---|---|---|---|
| 001 | BR0804880 | ||
| 003 | BR-BrBNA | ||
| 005 | 20240105123620.0 | ||
| 008 | 230509b bl.|||m| |||| 00| 0 por d | ||
| 040 |
_aBR-BrBNA _bpor _cBiblioteca Nacional de Agricultura |
||
| 072 | _aP10 | ||
| 090 | _aP10 BR0804880 | ||
| 100 | 1 | _aAbreu, V.M.N. | |
| 100 | 1 | _aAbreu, P.G. de | |
| 110 | 1 | _aEMBRAPA Suínos e Aves, Concórdia, SC (Brasil) | |
| 245 | 1 | _aTemperatura da água em bebedouros tipo calha | |
| 260 | 3 |
_aConcórdia, SC (Brasil): _c2000. |
|
| 300 | _a3 p. | ||
| 490 |
_aComunicado Técnico - EMBRAPA Suínos e Aves (Brazil) _vno. 265 _xISSN 0100-8862 |
||
| 650 | _aAVE DOMÉSTICA | ||
| 650 | _aBEBEDOURO | ||
| 650 | _aTEMPERATURA | ||
| 650 | _aCALHA | ||
| 650 | _aÁGUA | ||
| 909 |
_a202312 _bLúcia Elande _c55 _dLúcia Elande |
||
| 942 |
_2AGRIS _n0 _cMS |
||
| 999 |
_c296230 _d296230 |
||